<?xml version="1.0" encoding="UTF-8"?>
<collection xmlns="http://www.loc.gov/MARC21/slim">
<record>
  <controlfield tag="001">167148</controlfield>
  <controlfield tag="005">20260121151432.0</controlfield>
  <datafield tag="037" ind1=" " ind2=" ">
    <subfield code="a">TAZ-TFG-2025-1594</subfield>
  </datafield>
  <datafield tag="041" ind1=" " ind2=" ">
    <subfield code="a">spa</subfield>
  </datafield>
  <datafield tag="100" ind1="1" ind2=" ">
    <subfield code="a">Buldain Albillar, Eduardo</subfield>
  </datafield>
  <datafield tag="242" ind1="0" ind2="0">
    <subfield code="a">Relationship between H:Q ratio and knee injuries in HIFT athletes</subfield>
  </datafield>
  <datafield tag="245" ind1="0" ind2="0">
    <subfield code="a">Relación de la ratio H:Q y las lesiones de rodilla en atletas de HIFT</subfield>
  </datafield>
  <datafield tag="260" ind1=" " ind2=" ">
    <subfield code="a">Zaragoza</subfield>
    <subfield code="b">Universidad de Zaragoza</subfield>
    <subfield code="c">2025</subfield>
  </datafield>
  <datafield tag="506" ind1=" " ind2=" ">
    <subfield code="a">by-nc-sa</subfield>
    <subfield code="b">Creative Commons</subfield>
    <subfield code="c">3.0</subfield>
    <subfield code="u">http://creativecommons.org/licenses/by-nc-sa/3.0/</subfield>
  </datafield>
  <datafield tag="520" ind1=" " ind2=" ">
    <subfield code="a">Este estudio ha analizado la relación entre la ratio isquiotibiales/cuádriceps (H:Q) y la presencia de lesión de rodilla en deportistas de CrossFit®. La investigación se ha justificado por la elevada exigencia biomecánica de esta disciplina y la necesidad de identificar factores de riesgo lesional específicos. Se han evaluado 20 deportistas (12 hombres y 8 mujeres), mediante un diseño observacional de corte transversal, utilizando contracción isométrica para calcular la ratio H:Q de ambas extremidades. También se ha registrado la presencia de lesión, el sexo, el nivel deportivo y la lateralidad del miembro inferior. Los resultados no han mostrado diferencias significativas en la ratio H:Q entre extremidades lesionadas y no lesionadas, ni asociaciones entre ratio baja (&lt; 0,6) y lesión. Tampoco se han observado diferencias por género o nivel deportivo. La única asociación &lt;br />significativa se ha encontrado entre la lateralidad y la presencia de lesión, más frecuente en el lado dominante. El modelo de regresión logística no ha identificado predictores significativos de lesión. En conclusión, la ratio H:Q isométrica no se ha mostrado como un factor predictivo fiable de lesión en esta muestra, lo que indica la necesidad de considerar otros factores de riesgo en el análisis preventivo en atletas de entrenamiento funcional de alta intensidad.&lt;br />&lt;br /></subfield>
  </datafield>
  <datafield tag="521" ind1=" " ind2=" ">
    <subfield code="a">Graduado en Ciencias de la Actividad Física y del Deporte</subfield>
  </datafield>
  <datafield tag="540" ind1=" " ind2=" ">
    <subfield code="a">Derechos regulados por licencia Creative Commons</subfield>
  </datafield>
  <datafield tag="856" ind1="0" ind2=" ">
    <subfield code="f">805407@celes.unizar.es</subfield>
  </datafield>
  <datafield tag="856" ind1="4" ind2=" ">
    <subfield code="s">1112343</subfield>
    <subfield code="u">http://zaguan.unizar.es/record/167148/files/TAZ-TFG-2025-1594.pdf</subfield>
    <subfield code="y">Memoria (spa)</subfield>
  </datafield>
  <datafield tag="909" ind1="C" ind2="O">
    <subfield code="o">oai:zaguan.unizar.es:167148</subfield>
    <subfield code="p">driver</subfield>
    <subfield code="p">trabajos-fin-grado</subfield>
  </datafield>
  <datafield tag="950" ind1=" " ind2=" ">
    <subfield code="a"></subfield>
  </datafield>
  <datafield tag="691" ind1=" " ind2=" ">
    <subfield code="a">0</subfield>
  </datafield>
  <datafield tag="692" ind1=" " ind2=" ">
    <subfield code="a"></subfield>
  </datafield>
  <datafield tag="700" ind1=" " ind2=" ">
    <subfield code="a">Ros Mar, Ricardo</subfield>
    <subfield code="e">dir.</subfield>
  </datafield>
  <datafield tag="710" ind1="2" ind2=" ">
    <subfield code="a">Universidad de Zaragoza</subfield>
    <subfield code="b">Fisiatría y Enfermería</subfield>
    <subfield code="c">Educación Física y Deportiva</subfield>
  </datafield>
  <datafield tag="980" ind1=" " ind2=" ">
    <subfield code="a">TAZ</subfield>
    <subfield code="b">TFG</subfield>
    <subfield code="c">FCSHUES</subfield>
  </datafield>
  <datafield tag="999" ind1=" " ind2=" ">
    <subfield code="a">20250529194243.CREATION_DATE</subfield>
  </datafield>
  <datafield tag="951" ind1=" " ind2=" ">
    <subfield code="a">deposita:2026-01-21</subfield>
  </datafield>
</record>
</collection>